D. Álvaro Flórez Estrada - La organización industrial y mercantil de la España antigua - La libertad de trabajo y de cambio - La situación y las necesidades actuales de la industria y del comercio : 31ª conferencia [del ciclo "La España del siglo XIX", Ateneo Científico, Literario y Artístico de Madrid] / (Record no. 170439)

MARC details
000 -LEADER
campo de control de longitud fija 01330nab a2200229 i 4500
001 - NÚMERO DE CONTROL
campo de control 170439
003 - IDENTIFICADOR DE NÚMERO DE CONTROL
campo de control ES-MaACL
005 - FECHA Y HORA DE LA ÚLTIMA TRANSACCIÓN
campo de control 20250901104709.0
008 - DATOS DE LONGITUD FIJA--INFORMACIÓN GENERAL
campo de control de longitud fija 090305m18861887sp 000 0 spa d
100 1# - ENTRADA PRINCIPAL--NOMBRE DE PERSONA
Nombre de persona Pedregal Cañedo, Manuel,
Fechas asociadas al nombre 1831-1896
9 (RLIN) 130930
245 10 - MENCIÓN DEL TÍTULO
Título D. Álvaro Flórez Estrada - La organización industrial y mercantil de la España antigua - La libertad de trabajo y de cambio - La situación y las necesidades actuales de la industria y del comercio : 31ª conferencia [del ciclo "La España del siglo XIX", Ateneo Científico, Literario y Artístico de Madrid] /
Mención de responsabilidad, etc. orador, Manuel Pedregal.
600 14 - PUNTO DE ACCESO ADICIONAL DE MATERIA--NOMBRE DE PERSONA
Nombre de persona Flórez Estrada, Álvaro.
9 (RLIN) 227126
610 24 - PUNTO DE ACCESO ADICIONAL DE MATERIA--NOMBRE DE ENTIDAD CORPORATIVA
Nombre de entidad corporativa o nombre de jurisdicción como elemento de entrada Ateneo de Madrid-
Subdivisión de forma Conferencias-
Subdivisión cronológica S.XIX.
9 (RLIN) 1910
610 24 - PUNTO DE ACCESO ADICIONAL DE MATERIA--NOMBRE DE ENTIDAD CORPORATIVA
Nombre de entidad corporativa o nombre de jurisdicción como elemento de entrada Ateneo de Madrid-
Subdivisión de forma Obras digitalizadas.
9 (RLIN) 1930
650 #4 - PUNTO DE ACCESO ADICIONAL DE MATERIA--TÉRMINO DE MATERIA
Término de materia o nombre geográfico como elemento de entrada Industria-
Subdivisión geográfica España.
9 (RLIN) 227127
650 #7 - PUNTO DE ACCESO ADICIONAL DE MATERIA--TÉRMINO DE MATERIA
Término de materia o nombre geográfico como elemento de entrada Comercio-
Subdivisión geográfica España-
Subdivisión cronológica S.XIX
Fuente del encabezamiento o término
9 (RLIN) 174680
773 0# - ASIENTO DE ITEM FUENTE
Título La España del siglo XIX : colección de conferencias históricas celebradas durante el curso de 1885-86 [y curso de 1886-87],
Lugar, editor y fecha de publicación Madrid : Librería de Don Antonio San Martín, 1886-1887,
Parte(s) relacionada(s) T. 3, p. 197-220
Número bibliográfico anfitrión 82158
Número de ítem anfitrión 85194
Número de control del registro 82158
856 4# - LOCALIZACIÓN Y ACCESO ELECTRÓNICOS
Identificador Uniforme de Recursos <a href="http://www.ateneodemadrid.com/biblioteca_digital/folletos/Folletos-0119.pdf">http://www.ateneodemadrid.com/biblioteca_digital/folletos/Folletos-0119.pdf</a>
Nota pública Ver documento
942 ## - ELEMENTOS DE ENTRADA SECUNDARIOS (KOHA)
Tipo de ítem Koha Capítulo de libro
Fuente del sistema de clasificación o colocación Clasificación decimal universal

No items available.